Modeling of frame 6 of super mushshak aircraft using solid edge software and its analysis in ANSYS software (Record no. 323028)

000 -LEADER
fixed length control field 00414 a2200133 4500
001 - CONTROL NUMBER
control field 87955
082 ## - DEWEY DECIMAL CLASSIFICATION NUMBER
Classification number PR 312
090 ## - LOCALLY ASSIGNED LC-TYPE CALL NUMBER (OCLC); LOCAL CALL NUMBER (RLIN)
-- 41425
-- 41425
100 ## - MAIN ENTRY--PERSONAL NAME
Personal name Saeed Ullah Khan; Iqbal Rasool, Prof
245 ## - TITLE STATEMENT
Title Modeling of frame 6 of super mushshak aircraft using solid edge software and its analysis in ANSYS software
Medium G-58
260 ## - PUBLICATION, DISTRIBUTION, ETC.
Place of publication, distribution, etc. Risalpur
Name of publisher, distributor, etc. NUST
Date of publication, distribution, etc. 2003
300 ## - PHYSICAL DESCRIPTION
Extent vii, 37 p.
500 ## - GENERAL NOTE
General note BE project reports AE
942 ## - ADDED ENTRY ELEMENTS (KOHA)
Institution code [OBSOLETE] CAE NUST
Call number prefix PR 312
Holdings
Withdrawn status Lost status Damaged status Not for loan Collection code Permanent Location Current Location Date acquired Total Checkouts Full call number Barcode Date last seen Price effective from Koha item type
          College of Aeronautical Engineering (CAE) College of Aeronautical Engineering (CAE) 04/03/2017   PR 312 CAEPR-312 04/05/2017 04/05/2017 Book
© 2023 Central Library, National University of Sciences and Technology. All Rights Reserved.